[Event "17th WCh U20 Girls"]
[Site "Yerevan ARM"]
[Date "1999.09.26"]
[Round "9"]
[White "Matras, Agnieszka"]
[Black "Tsitaishvili, Nino"]
[Result "1-0"]
[WhiteElo "2146"]
[BlackElo "2142"]
[EventDate "1999.09.18"]
[PlyCount "45"]

1.e4 c5 2.Nc3 e6 3.f4 Nc6 4.Nf3 h5 5.Bc4 h4 6.d3 Nd4 7.Be3 Qc7 8.Nxd4 cxd4
9.Bxd4 Qxf4 10.Rf1 Qxh2 11.Qf3 Qg3+ 12.Qxg3 hxg3 13.Nb5 Kd8 14.Rxf7 Nh6 
15.Rxf8+ Rxf8 16.Bxg7 Rf2 17.Bxh6 Rxg2 18.Bg5+ Ke8 19.O-O-O Kf7 20.Nc7 Rb8
21.Bf4 d6 22.Bxd6 Bd7 23.Nxe6 1-0

[Event "17th WCh U20 Girls"]
[Site "Yerevan ARM"]
[Date "1999.09.26"]
[Round "9"]
[White "Gasparian, Marianna"]
[Black "Klimenko, Veronica"]
[Result "1-0"]
[WhiteElo "2075"]
[BlackElo "2100"]
[EventDate "1999.09.18"]
[PlyCount "53"]

1.Nf3 c5 2.g3 Nc6 3.Bg2 g6 4.d3 Bg7 5.Nbd2 e6 6.e4 Nge7 7.O-O O-O 8.c3 d6 
9.a4 Qc7 10.Re1 Bd7 11.Nf1 a6 12.d4 cxd4 13.cxd4 Nb4 14.Ne3 b5 15.b3 bxa4 
16.bxa4 Rfc8 17.Ba3 Qc3 18.Qb1 a5 19.Bf1 Bxd4 20.Nxd4 Qxd4 21.Bb2 Qa7 22.
Qd1 Bc6 23.Qxd6 Qc7 24.Qc5 Bb7 25.Qg5 Bxe4 26.Ng4 f5 27.Qf6 1-0

[Event "17th WCh U20 Girls"]
[Site "Yerevan ARM"]
[Date "1999.09.26"]
[Round "9"]
[White "Zaksaite, Salomeja"]
[Black "Redondo Arguelles, Graciela"]
[Result "1-0"]
[WhiteElo "2087"]
[BlackElo "2067"]
[EventDate "1999.09.18"]
[PlyCount "77"]

1.e4 e6 2.d4 d5 3.Nc3 Nf6 4.e5 Nfd7 5.f4 c5 6.Nf3 a6 7.Be3 Qb6 8.Qd2 Qxb2 
9.Rb1 Qa3 10.Be2 Nc6 11.O-O cxd4 12.Nxd4 Nxd4 13.Bxd4 Bc5 14.Bxc5 Qxc5+ 
15.Kh1 b5 16.Bd3 Nb6 17.Rf3 Bd7 18.Nd1 Nc4 19.Qe2 Rc8 20.Nf2 b4 21.Rg3 Qf8
22.c3 a5 23.cxb4 axb4 24.Rc1 Bb5 25.Ne4 Rb8 26.Bxc4 Bxc4 27.Rxc4 dxc4 28.
Nd6+ Ke7 29.Qxc4 Qd8 30.Qc5 Qd7 31.Rxg7 Kf8 32.Rxf7+ Qxf7 33.Nxf7+ Kxf7 
34.Qc7+ Kg6 35.Qe7 Rbf8 36.h4 h6 37.g4 Rf7 38.Qxe6+ Kg7 39.f5 1-0

[Event "17th WCh U20 Girls"]
[Site "Yerevan ARM"]
[Date "1999.09.26"]
[Round "9"]
[White "Navabi, Shirin"]
[Black "Machalova, Veronika"]
[Result "0-1"]
[WhiteElo "2029"]
[BlackElo "2115"]
[EventDate "1999.09.18"]
[PlyCount "88"]

1.e4 e5 2.Bc4 Bc5 3.d3 d6 4.Nc3 Nc6 5.Nf3 Nf6 6.Bg5 h6 7.Be3 Bb6 8.h3 Na5 
9.Bb5+ c6 10.Ba4 Bxe3 11.fxe3 b5 12.Bb3 Nxb3 13.axb3 O-O 14.O-O Qe7 15.Qe1
b4 16.Ne2 d5 17.exd5 cxd5 18.Ng3 Re8 19.Nh4 g6 20.Qf2 Kg7 21.Ra6 Nh7 22.
Ra4 Ng5 23.Nf3 f5 24.Qd2 a5 25.Nh2 Rf8 26.Ne2 Bb7 27.Ng3 Qd6 28.Ne2 Qb6 
29.h4 Ne6 30.d4 Ba6 31.dxe5 f4 32.Rf3 fxe3 33.Qd1 Bxe2 34.Qxe2 Nd4 35.Qe1 
Nxf3+ 36.Nxf3 e2+ 37.Kh1 Qe3 38.Ra1 Rxf3 39.gxf3 Qxf3+ 40.Kh2 Rf8 41.Qg1 
Qf4+ 42.Kh3 Qf1+ 43.Kh2 Rf2+ 44.Kg3 Rf3+ 0-1

[Event "17th WCh U20 Girls"]
[Site "Yerevan ARM"]
[Date "1999.09.27"]
[Round "10"]
[White "Goletiani, Rusudan"]
[Black "Jackova, Jana"]
[Result "0-1"]
[WhiteElo "2386"]
[BlackElo "2233"]
[EventDate "1999.09.18"]
[PlyCount "98"]

1.Nf3 d5 2.b3 Bg4 3.g3 Nd7 4.Bb2 Ngf6 5.Bg2 e6 6.O-O c6 7.d3 Bd6 8.Nbd2 
O-O 9.h3 Bh5 10.Qe1 Re8 11.e4 e5 12.Nh4 a5 13.a3 Qb6 14.Kh1 Bc5 15.f4 exf4
16.gxf4 Bd4 17.Bxd4 Qxd4 18.Qg3 Qc3 19.Qf2 Qxc2 20.e5 Qxd3 21.Rae1 Ne4 22.
Nxe4 dxe4 23.Re3 Qd4 24.Nf5 Qc5 25.Nd6 Re7 26.Bxe4 f6 27.Nxb7 Qxa3 28.Bxc6
fxe5 29.fxe5 Nxe5 30.Bd5+ Bf7 31.Bg2 Rf8 32.Kh2 Ng6 33.Rd3 Bc4 34.Rf3 Bxf1
35.Rxf8+ Nxf8 36.Bd5+ Ne6 37.Nc5 Bb5 38.Nxe6 Qd6+ 39.Nf4+ Kh8 40.Kh1 Re8 
41.Qh4 Bc6 42.Bxc6 Qxc6+ 43.Ng2 Qb5 44.Nf4 Qxb3 45.Qh5 Qb1+ 46.Kh2 Qc2+ 
47.Kg3 Re3+ 48.Kg4 Qd1+ 49.Kh4 Qxh5+ 0-1

[Event "17th WCh U20 Girls"]
[Site "Yerevan ARM"]
[Date "1999.09.27"]
[Round "10"]
[White "Vajda, Szidonia"]
[Black "Khukhashvili, Sopiko"]
[Result "1-0"]
[WhiteElo "2397"]
[BlackElo "2206"]
[EventDate "1999.09.18"]
[PlyCount "67"]

1.e4 c5 2.Nf3 d6 3.d4 cxd4 4.Nxd4 Nf6 5.f3 e5 6.Bb5+ Bd7 7.Bxd7+ Qxd7 8.
Nf5 d5 9.Bg5 dxe4 10.Bxf6 gxf6 11.fxe4 Qxd1+ 12.Kxd1 Na6 13.c3 O-O-O+ 14.
Kc2 Nc5 15.Nd2 h5 16.b4 Ne6 17.g3 Ng7 18.Rhf1 Ne8 19.Nc4 Bh6 20.Rad1 Rxd1 
21.Rxd1 Bf8 22.Nce3 b5 23.Kb3 Ng7 24.Nxg7 Bxg7 25.Nf5 Bf8 26.Rd5 a6 27.a4 
bxa4+ 28.Kxa4 Rg8 29.h3 Kc7 30.Ka5 Kc6 31.c4 Rh8 32.c5 Rg8 33.Kxa6 Bg7 34.
Ne7+ 1-0

[Event "17th WCh U20 Girls"]
[Site "Yerevan ARM"]
[Date "1999.09.27"]
[Round "10"]
[White "Cmilyte, Viktorija"]
[Black "Mohota, Nisha"]
[Result "1/2-1/2"]
[WhiteElo "2354"]
[BlackElo "2198"]
[EventDate "1999.09.18"]
[PlyCount "91"]

1.d4 d5 2.c4 c6 3.Nf3 Nf6 4.Nc3 dxc4 5.a4 Bg4 6.Ne5 Bh5 7.f3 Nfd7 8.Nxc4 
e5 9.Nxe5 Nxe5 10.dxe5 Nd7 11.Bf4 Qa5 12.e4 Bb4 13.Qc2 O-O 14.Be2 Nxe5 15.
O-O Qc5+ 16.Kh1 f6 17.Bg3 Bf7 18.f4 Ng6 19.Bd3 Rad8 20.Rad1 Bc4 21.Rf3 a5 
22.Bf2 Bxd3 23.Rfxd3 Qe7 24.Be3 Rfe8 25.Qb3+ Kh8 26.Rxd8 Rxd8 27.Rxd8+ 
Qxd8 28.Qd1 Qxd1+ 29.Nxd1 Nf8 30.g3 Nd7 31.Kg2 b5 32.b3 bxa4 33.bxa4 c5 
34.Nb2 Nb6 35.Kf3 Ba3 36.Nd1 Nxa4 37.e5 fxe5 38.fxe5 c4 39.Bd4 Nc5 40.Ne3 
Ne6 41.Ba1 Kg8 42.Nxc4 Bb4 43.Ke4 Kf7 44.Kd5 Ke7 45.Kc6 Nd8+ 46.Kd5 
1/2-1/2

[Event "17th WCh U20 Girls"]
[Site "Yerevan ARM"]
[Date "1999.09.27"]
[Round "10"]
[White "Mkrtchian, Lilit"]
[Black "Kuang Yinghui"]
[Result "0-1"]
[WhiteElo "2295"]
[BlackElo "2202"]
[EventDate "1999.09.18"]
[PlyCount "194"]

1.e4 e5 2.Nf3 Nc6 3.Bb5 a6 4.Ba4 Nf6 5.O-O Be7 6.Re1 b5 7.Bb3 d6 8.c3 O-O 
9.h3 Na5 10.Bc2 c5 11.d4 Bb7 12.Nbd2 Qc7 13.Nf1 Nc6 14.d5 Nd8 15.a4 Rb8 
16.axb5 axb5 17.Qe2 Bc8 18.b4 Nd7 19.Be3 Nb6 20.Ng3 Bd7 21.Bd3 Na4 22.Qd2 
f6 23.Nf5 Re8 24.g4 Nf7 25.Kh2 Bf8 26.Rec1 Nb6 27.Rcb1 Nxd5 28.exd5 e4 29.
bxc5 Bxf5 30.gxf5 dxc5+ 31.Kh1 exd3 32.Qxd3 Qd7 33.Rd1 Rbc8 34.Ra6 Nd6 35.
Nh4 Qf7 36.Bf4 Ne4 37.Qf3 b4 38.c4 Nc3 39.Rda1 Rcd8 40.Re6 Ra8 41.Rae1 
Red8 42.Ng2 Ra3 43.R6e3 Qd7 44.Qg4 Na4 45.Rxa3 bxa3 46.Ra1 Nb6 47.Bc1 Qa4 
48.Bxa3 Qxc4 49.Ne3 Qc3 50.Ra2 Nxd5 51.Qc4 Qxc4 52.Nxc4 Nf4 53.Kh2 Rd3 54.
h4 Rh3+ 55.Kg1 Rxh4 56.Ne3 Nd3 57.Rd2 Rd4 58.Kf1 Ne5 59.Rc2 c4 60.Bb2 Re4 
61.Bxe5 Rxe5 62.Rxc4 Bc5 63.f4 Rxe3 64.Rxc5 h5 65.Kf2 Ra3 66.Kg2 h4 67.Rb5
Kh7 68.Rc5 Kh6 69.Rc8 Kh5 70.Rg8 Rg3+ 71.Kh2 Kg4 72.Rxg7+ Kxf4 73.Rh7 Kg4 
74.Rh6 Kg5 75.Rh8 Rf3 76.Kg2 Rxf5 77.Rg8+ Kf4 78.Rh8 Rg5+ 79.Kh3 Rg3+ 80.
Kh2 Rg4 81.Kh3 f5 82.Rf8 Rg1 83.Rf7 Rg6 84.Rh7 Rg3+ 85.Kh2 Kg4 86.Rg7+ Kf3
87.Rh7 Rg4 88.Kh3 Rg1 89.Kh2 Rg8 90.Rxh4 f4 91.Kh1 Ke3 92.Rh7 f3 93.Re7+ 
Kf2 94.Rh7 Kf1 95.Kh2 f2 96.Rh6 Re8 97.Kg3 Kg1 0-1

[Event "17th WCh U20 Girls"]
[Site "Yerevan ARM"]
[Date "1999.09.27"]
[Round "10"]
[White "Matras, Agnieszka"]
[Black "Slavina, Irina"]
[Result "0-1"]
[WhiteElo "2146"]
[BlackElo "2295"]
[EventDate "1999.09.18"]
[PlyCount "72"]

1.e4 c5 2.Nc3 Nc6 3.f4 e6 4.Nf3 d5 5.Bb5 Ne7 6.O-O d4 7.Nb1 a6 8.Bxc6+ 
Nxc6 9.d3 Be7 10.a4 f6 11.Na3 O-O 12.Nc4 b6 13.a5 b5 14.Nb6 Rb8 15.Nxc8 
Rxc8 16.Qe1 Nb4 17.Qe2 c4 18.Ne1 f5 19.Bd2 fxe4 20.Qxe4 Qd5 21.Qxd5 Nxd5 
22.Rf3 c3 23.bxc3 Nxc3 24.Rf2 Bd6 25.g3 e5 26.fxe5 Bxe5 27.Nf3 Bf6 28.Re1 
Rfe8 29.Rxe8+ Rxe8 30.Kf1 h6 31.Bf4 Rc8 32.Ke1 g5 33.Bc1 Be7 34.Kf1 Bb4 
35.Rg2 Rf8 36.Kf2 g4 0-1

[Event "17th WCh U20 Girls"]
[Site "Yerevan ARM"]
[Date "1999.09.27"]
[Round "10"]
[White "Machalova, Veronika"]
[Black "Shahade, Jennifer"]
[Result "0-1"]
[WhiteElo "2115"]
[BlackElo "2290"]
[EventDate "1999.09.18"]
[PlyCount "118"]

1.e4 c5 2.Nf3 Nc6 3.Bb5 g6 4.Bxc6 dxc6 5.d4 cxd4 6.Nxd4 Bg7 7.c3 Nf6 8.Nd2
O-O 9.O-O Qc7 10.h3 Nh5 11.N2b3 c5 12.Ne2 b6 13.Qc2 Bb7 14.Be3 Qc6 15.f3 
Rad8 16.Rfd1 Rxd1+ 17.Rxd1 Bc8 18.Nf4 Nxf4 19.Bxf4 Qa4 20.a3 f5 21.Bg5 
fxe4 22.fxe4 Bb7 23.Re1 Bf6 24.Bh6 Rf7 25.Qd1 e6 26.Qd6 Qd7 27.Rd1 Bd4+ 
28.Rxd4 cxd4 29.Qb8+ Qc8 30.Qxc8+ Bxc8 31.Nxd4 Bb7 32.e5 Bd5 33.Bg5 a6 34.
g3 b5 35.Bf6 Rb7 36.Kf2 a5 37.Ke3 b4 38.axb4 axb4 39.Kd3 bxc3 40.bxc3 Kf7 
41.h4 Rb1 42.Ne2 Rd1+ 43.Ke3 Bc4 44.Nf4 Rg1 45.Kf2 Rc1 46.g4 h6 47.g5 h5 
48.Ke3 Rxc3+ 49.Kd4 Rc1 50.Nd3 Bxd3 51.Kxd3 Rh1 52.Ke3 Rxh4 53.Kf3 Rg4 54.
Bd8 Ke8 55.Bf6 Kd7 56.Kf2 Kc6 57.Kf3 Kd5 58.Ke3 Re4+ 59.Kf3 Rxe5 0-1

[Event "17th WCh U20 Girls"]
[Site "Yerevan ARM"]
[Date "1999.09.27"]
[Round "10"]
[White "Gritsaeva, Oxana"]
[Black "Kouvatsou, Maria"]
[Result "0-1"]
[WhiteElo "2248"]
[BlackElo "2152"]
[EventDate "1999.09.18"]
[PlyCount "72"]

1.e4 c5 2.Nf3 d6 3.d4 cxd4 4.Nxd4 Nf6 5.Nc3 e6 6.Be2 a6 7.Be3 Be7 8.f4 Qc7
9.O-O O-O 10.Kh1 b5 11.e5 Ne8 12.Bf3 Bb7 13.Qd3 Nd7 14.Ndxb5 axb5 15.Nxb5 
Qb8 16.exd6 Bd8 17.c4 Bxf3 18.Rxf3 Bb6 19.Bxb6 Qxb6 20.b4 Nef6 21.a4 e5 
22.Rff1 exf4 23.Rxf4 Rae8 24.c5 Qc6 25.Raf1 Nd5 26.Rh4 N7f6 27.Nc7 Ne3 28.
Rf3 Qxa4 29.Rxf6 g6 30.Rf1 Qa2 31.Rg1 Re5 32.Re4 Rxe4 33.Qxe4 Qf2 34.d7 h5
35.Nd5 Ng4 36.Nf4 Qxc5 0-1

[Event "17th WCh U20 Girls"]
[Site "Yerevan ARM"]
[Date "1999.09.27"]
[Round "10"]
[White "Nill, Jessica"]
[Black "Sorokina, Anastasia"]
[Result "1/2-1/2"]
[WhiteElo "2168"]
[BlackElo "2162"]
[EventDate "1999.09.18"]
[PlyCount "114"]

1.d4 d5 2.c4 dxc4 3.e3 Nf6 4.Bxc4 e6 5.Nf3 c5 6.O-O a6 7.e4 Nxe4 8.d5 b5 
9.dxe6 fxe6 10.Bd3 Nf6 11.Qe2 Bd6 12.Ng5 e5 13.Nc3 Nc6 14.Qf3 Bb7 15.Qh3 
Nd4 16.Bg6+ Ke7 17.Nxh7 b4 18.Nd1 Qc8 19.Qh4 Qc6 20.f3 Ne2+ 21.Kh1 Nxc1 
22.Rxc1 Rxh7 23.Bxh7 Rh8 24.Ne3 Rxh7 25.Nf5+ Kf8 26.Qg5 e4 27.h3 exf3 28.
Rxf3 Qc7 29.Nxg7 Rxg7 30.Rxf6+ Kg8 31.Rg6 Be4 32.Rxg7+ Qxg7 33.Qxg7+ Kxg7 
34.Kg1 Be5 35.b3 Bd4+ 36.Kf1 Kf6 37.g3 Kf5 38.Ke2 Bg2 39.Kd3 Bxh3 40.Rd1 
Kg4 41.Kc4 Bf2 42.Rd2 Be3 43.Rc2 Bf1+ 44.Kd5 Kxg3 45.Rxc5 Bd3 46.Rc8 Kf3 
47.Rh8 Ke2 48.Rh2+ Kd1 49.Rh3 Kd2 50.Rh2+ Kc3 51.Rh3 Bd2 52.Kc5 Be1 53.Rh2
Bb1 54.Kb6 Bd2 55.Kxa6 Bxa2 56.Ka5 Bxb3 57.Rxd2 Kxd2 1/2-1/2

[Event "17th WCh U20 Girls"]
[Site "Yerevan ARM"]
[Date "1999.09.27"]
[Round "10"]
[White "Vo Hong Phuong"]
[Black "Sahakian, Nonna"]
[Result "1-0"]
[WhiteElo "2226"]
[BlackElo "2093"]
[EventDate "1999.09.18"]
[PlyCount "63"]

1.e4 c5 2.Nf3 e6 3.d4 cxd4 4.Nxd4 Nf6 5.Nc3 d6 6.Bg5 Be7 7.f4 Nc6 8.Nb3 h6
9.Bxf6 Bxf6 10.Qf3 a6 11.O-O-O Qc7 12.Kb1 Bd7 13.g4 Be7 14.Bd3 Rb8 15.Rhe1
Bh4 16.Re3 Kf8 17.Be2 Be7 18.Qg2 b5 19.Bf3 b4 20.Ne2 g6 21.Red3 Kg7 22.h4 
a5 23.Nbd4 Nxd4 24.Nxd4 Rhc8 25.g5 hxg5 26.hxg5 e5 27.fxe5 dxe5 28.Nf5+ 
Bxf5 29.exf5 e4 30.f6+ Kg8 31.Bxe4 Bc5 32.Rh1 1-0

[Event "17th WCh U20 Girls"]
[Site "Yerevan ARM"]
[Date "1999.09.27"]
[Round "10"]
[White "Sergeeva, Maria"]
[Black "Gasparian, Marianna"]
[Result "1-0"]
[WhiteElo "2208"]
[BlackElo "2075"]
[EventDate "1999.09.18"]
[PlyCount "89"]

1.e4 c5 2.Nf3 Nc6 3.d4 cxd4 4.Nxd4 e5 5.Nb5 d6 6.c4 Be7 7.N1c3 a6 8.Na3 
Be6 9.Bd3 Bg5 10.O-O Nh6 11.Nc2 Bxc1 12.Rxc1 O-O 13.Qd2 f5 14.exf5 Nxf5 
15.b3 Nfd4 16.Be4 Nxc2 17.Rxc2 Nd4 18.Rcc1 Rb8 19.Ne2 Nxe2+ 20.Qxe2 Rf6 
21.Rcd1 Rh6 22.Rd3 b5 23.cxb5 axb5 24.Rfd1 Rb6 25.Bd5 Bxd5 26.Rxd5 Qb8 27.
Rc1 Rf6 28.Qg4 Rf8 29.Rd2 Qa7 30.Rc8 Qf7 31.Rdc2 Rb8 32.R8c7 Qf6 33.Qd1 
Kh8 34.Qd5 b4 35.R7c6 e4 36.Rxd6 Qf4 37.Qd4 Qf5 38.Rc5 Qf4 39.Rc7 Rf7 40.
g3 Qf5 41.Rxf7 Qxf7 42.Rd8+ Rxd8 43.Qxd8+ Qg8 44.Qxg8+ Kxg8 45.f3 1-0

[Event "17th WCh U20 Girls"]
[Site "Yerevan ARM"]
[Date "1999.09.27"]
[Round "10"]
[White "Klimenko, Veronica"]
[Black "Zaksaite, Salomeja"]
[Result "1/2-1/2"]
[WhiteElo "2100"]
[BlackElo "2087"]
[EventDate "1999.09.18"]
[PlyCount "84"]

1.e4 c5 2.Nf3 Nc6 3.Nc3 e6 4.Bb5 Nge7 5.O-O Nd4 6.Nxd4 cxd4 7.Ne2 Nc6 8.d3
Bc5 9.f4 d5 10.Ng3 O-O 11.Bxc6 bxc6 12.f5 f6 13.Rf4 Bd6 14.Rh4 Bxg3 15.
hxg3 exf5 16.Qh5 h6 17.exf5 Qd7 18.Rxd4 Qxf5 19.Qxf5 Bxf5 20.Bf4 Rfe8 21.
Kf2 Bg4 22.Be3 h5 23.Re1 Re5 24.Ra4 Rae8 25.c3 c5 26.d4 Re4 27.Rxa7 cxd4 
28.cxd4 Rc8 29.b4 Rc2+ 30.Kf1 Rb2 31.a3 Re8 32.Ra5 Rc8 33.Bc1 Ra2 34.Rc5 
Rd8 35.Re7 Bf5 36.Rcc7 Bd3+ 37.Kg1 Be4 38.Rxg7+ Kh8 39.Rgd7 Rxg2+ 40.Kf1 
Rxd7 41.Rxd7 Rxg3 42.Ke2 Rc3 1/2-1/2

[Event "17th WCh U20 Girls"]
[Site "Yerevan ARM"]
[Date "1999.09.27"]
[Round "10"]
[White "Tsitaishvili, Nino"]
[Black "Budylina, Sofia"]
[Result "0-1"]
[WhiteElo "2142"]
[BlackElo "2032"]
[EventDate "1999.09.18"]
[PlyCount "68"]

1.Nf3 Nf6 2.b3 g6 3.Bb2 Bg7 4.e3 O-O 5.Be2 c5 6.O-O b6 7.c4 Bb7 8.d4 cxd4 
9.exd4 d5 10.Nc3 Nc6 11.Ne5 dxc4 12.Bf3 Rc8 13.Nxc4 Ba6 14.d5 Bxc4 15.dxc6
Bxf1 16.Qxf1 Qd2 17.Rb1 e5 18.Nb5 e4 19.Bxf6 exf3 20.Bxg7 Kxg7 21.Qc4 Qg5 
22.g3 Qc5 23.Qd4+ Kg8 24.Qxc5 bxc5 25.Nxa7 Rc7 26.Nb5 Rxc6 27.Rd1 Re8 28.
Nc3 Rce6 29.Kf1 Kg7 30.a4 Re2 31.Nd5 Rb2 32.Ne3 Rxb3 33.Rc1 c4 34.Nxc4 Rc8
0-1

[Event "17th WCh U20 Girls"]
[Site "Yerevan ARM"]
[Date "1999.09.28"]
[Round "11"]
[White "Krush, Irina"]
[Black "Goletiani, Rusudan"]
[Result "1/2-1/2"]
[WhiteElo "2432"]
[BlackElo "2386"]
[EventDate "1999.09.18"]
[PlyCount "117"]

1.d4 Nf6 2.c4 e6 3.Nc3 c5 4.d5 exd5 5.cxd5 Bd6 6.Nf3 Bc7 7.d6 Ba5 8.Bg5 
O-O 9.e3 Qb6 10.Bxf6 Qxb2 11.Qc1 Qxc1+ 12.Rxc1 gxf6 13.Nd2 Nc6 14.Bd3 Rb8 
15.Nce4 Ne5 16.Be2 b6 17.Nxf6+ Kg7 18.Nd5 Bb7 19.Nc7 f5 20.Rd1 Rf6 21.O-O 
Rg6 22.f3 Nf7 23.Nc4 Bc3 24.Bd3 Rg5 25.Nb5 Bf6 26.Nxa7 Ra8 27.Nb5 Rxa2 28.
Rf2 Bxf3 29.Rxa2 Bxd1 30.Nxb6 Ne5 31.Nxd7 Nxd3 32.Rd2 Bf3 33.Nxf6 Kxf6 34.
d7 Ke7 35.d8=Q+ Kxd8 36.Rxd3+ Ke7 37.g3 Rg6 38.Rc3 Rc6 39.Na7 Ra6 40.Nb5 
Ra5 41.Na3 Be4 42.Kf2 Ke6 43.g4 fxg4 44.Kg3 Bf3 45.h3 h5 46.hxg4 hxg4 47.
Nc4 Ra2 48.Nb6 Kd6 49.e4 Kc6 50.Nc4 Kb5 51.Nd6+ Kc6 52.Nc4 Bxe4 53.Kxg4 
Rf2 54.Kg3 Rf8 55.Ne5+ Kd6 56.Nc4+ Kd5 57.Nb6+ Kc6 58.Na4 Rf5 59.Nxc5 
1/2-1/2

[Event "17th WCh U20 Girls"]
[Site "Yerevan ARM"]
[Date "1999.09.28"]
[Round "11"]
[White "Jackova, Jana"]
[Black "Cmilyte, Viktorija"]
[Result "0-1"]
[WhiteElo "2233"]
[BlackElo "2354"]
[EventDate "1999.09.18"]
[PlyCount "60"]

1.e4 c5 2.Nf3 d6 3.d4 Nf6 4.Nc3 cxd4 5.Nxd4 Nc6 6.Bc4 Qb6 7.Nxc6 bxc6 8.
O-O g6 9.e5 dxe5 10.Qe2 Qd4 11.Be3 Qd6 12.Qf3 Bg4 13.Qg3 Bg7 14.f4 exf4 
15.Rxf4 Bf5 16.Qf3 O-O 17.Rd1 Qc7 18.Bb3 Bh6 19.Rxf5 Bxe3+ 20.Qxe3 gxf5 
21.Qg5+ Kh8 22.Qxf5 Qb6+ 23.Kh1 Qe3 24.Bc4 Rad8 25.Bd3 Rg8 26.h3 Qg3 27.
Qf1 Qh4 28.Be2 Rxd1 29.Qxd1 Qb4 30.Qc1 Rb8 0-1

[Event "17th WCh U20 Girls"]
[Site "Yerevan ARM"]
[Date "1999.09.28"]
[Round "11"]
[White "Khukhashvili, Sopiko"]
[Black "Gritsaeva, Oxana"]
[Result "1/2-1/2"]
[WhiteElo "2206"]
[BlackElo "2248"]
[EventDate "1999.09.18"]
[PlyCount "63"]

1.e4 d6 2.d4 Nf6 3.Nc3 g6 4.Nf3 Bg7 5.Be2 O-O 6.O-O Nc6 7.d5 Nb4 8.Be3 a5 
9.a3 Na6 10.h3 e5 11.dxe6 Bxe6 12.Nd4 Bd7 13.Qd2 Nc5 14.f3 Re8 15.Bc4 Ne6 
16.Nde2 Bc6 17.Rad1 Qd7 18.b4 axb4 19.axb4 b5 20.Bb3 Qe7 21.Nd4 Nxd4 22.
Bxd4 Bd7 23.Qf2 Rac8 24.e5 dxe5 25.Bc5 Qd8 26.Nxb5 Ra8 27.Nc3 Qc8 28.Nd5 
Nxd5 29.Bxd5 c6 30.Bc4 Be6 31.Bxe6 Qxe6 32.Qe2 1/2-1/2

[Event "17th WCh U20 Girls"]
[Site "Yerevan ARM"]
[Date "1999.09.28"]
[Round "11"]
[White "Kuang Yinghui"]
[Black "Vo Hong Phuong"]
[Result "0-1"]
[WhiteElo "2202"]
[BlackElo "2226"]
[EventDate "1999.09.18"]
[PlyCount "43"]

1.e4 d5 2.Nc3 d4 3.Nce2 e5 4.d3 c5 5.g3 Nc6 6.Bg2 Be7 7.f4 h5 8.h3 Nf6 9.
Nf3 Nd7 10.O-O O-O 11.fxe5 Ndxe5 12.Nf4 g6 13.Nd5 Nxf3+ 14.Qxf3 Bg5 15.Bf4
Be6 16.Rf2 Bxd5 17.exd5 Bxf4 18.Qxf4 Ne7 19.Qg5 Nc8 20.Rf6 Kg7 21.Raf1 Nd6
22.Be4 0-1

[Event "17th WCh U20 Girls"]
[Site "Yerevan ARM"]
[Date "1999.09.28"]
[Round "11"]
[White "Sorokina, Anastasia"]
[Black "Sergeeva, Maria"]
[Result "0-1"]
[WhiteElo "2162"]
[BlackElo "2208"]
[EventDate "1999.09.18"]
[PlyCount "76"]

1.e4 c5 2.Nf3 e6 3.d4 cxd4 4.Nxd4 a6 5.Nc3 Qc7 6.Be2 Nf6 7.O-O d6 8.f4 Be7
9.Be3 O-O 10.Bf3 Nc6 11.Kh1 Re8 12.a4 Bd7 13.Nb3 b6 14.g4 Bc8 15.Bg2 Bb7 
16.g5 Nd7 17.Qh5 Nb4 18.Rac1 g6 19.Qh4 Bf8 20.Rf3 Nc5 21.Bd4 f5 22.Rh3 Qf7
23.Nxc5 bxc5 24.Bf6 d5 25.exf5 exf5 26.Qf2 d4 27.Nb1 Bxg2+ 28.Qxg2 Nd5 29.
Be5 Ne3 30.Qf3 Ng4 31.Nd2 Rad8 32.Re1 Bg7 33.Qg3 Bxe5 34.fxe5 Qd5+ 35.Nf3 
c4 36.Kg1 d3 37.cxd3 cxd3 38.Rd1 Qc5+ 0-1

[Event "17th WCh U20 Girls"]
[Site "Yerevan ARM"]
[Date "1999.09.28"]
[Round "11"]
[White "Kouvatsou, Maria"]
[Black "Mohota, Nisha"]
[Result "1/2-1/2"]
[WhiteElo "2152"]
[BlackElo "2198"]
[EventDate "1999.09.18"]
[PlyCount "89"]

1.e4 Nf6 2.e5 Nd5 3.c4 Nb6 4.d4 d6 5.exd6 cxd6 6.Nc3 g6 7.a4 a5 8.c5 dxc5 
9.Bb5+ Bd7 10.dxc5 Bxb5 11.Qxd8+ Kxd8 12.axb5 Nc4 13.Ra4 Ne5 14.Rd4+ Ned7 
15.Nf3 Bg7 16.Rd3 e6 17.O-O Ke7 18.Na4 e5 19.Nd2 Rc8 20.b3 Ke8 21.Nc4 Rxc5
22.Nxc5 Nxc5 23.Rd5 Nbd7 24.Rfd1 Bf8 25.Rxd7 Nxd7 26.Rxd7 a4 27.Nb6 axb3 
28.Nxa8 Kxd7 29.Nb6+ Ke6 30.Kf1 Bb4 31.Ke2 Kd6 32.Na4 Kd5 33.Bb2 e4 34.f3 
exf3+ 35.gxf3 Kc4 36.b6 Kb5 37.Nc3+ Bxc3 38.Bxc3 Kxb6 39.Kd3 Kb5 40.h4 Ka4
41.Bb2 Kb5 42.Kc3 Kc5 43.Kxb3 Kd5 44.Kc2 Ke6 45.Kd3 1/2-1/2

[Event "17th WCh U20 Girls"]
[Site "Yerevan ARM"]
[Date "1999.09.28"]
[Round "11"]
[White "Zaksaite, Salomeja"]
[Black "Machalova, Veronika"]
[Result "1-0"]
[WhiteElo "2087"]
[BlackElo "2115"]
[EventDate "1999.09.18"]
[PlyCount "111"]

1.e4 e5 2.Nf3 Nc6 3.Bc4 Bc5 4.d3 Nf6 5.O-O d6 6.h3 Be6 7.Nbd2 Qd7 8.c3 
Bxc4 9.Nxc4 b5 10.Ne3 O-O 11.Nf5 d5 12.Qe2 d4 13.Bg5 Kh8 14.Rac1 Ng8 15.
cxd4 Nxd4 16.N3xd4 Bxd4 17.Nxd4 exd4 18.Qc2 Qe6 19.b3 Rac8 20.Qc6 Qxc6 21.
Rxc6 f6 22.Bf4 Ne7 23.Rxc7 Rxc7 24.Bxc7 Rc8 25.Bd6 Ng6 26.f4 Kg8 27.g3 a6 
28.Ba3 Rc3 29.Rf3 Nf8 30.Bb2 Rc2 31.Rf2 Rc8 32.Rd2 Ne6 33.Kf2 g6 34.f5 
gxf5 35.exf5 Ng5 36.Bxd4 Rd8 37.Bc3 Kg7 38.h4 Nf7 39.g4 h6 40.Kf3 Ne5+ 41.
Bxe5 fxe5 42.Ke4 Kf6 43.d4 exd4 44.Rxd4 Re8+ 45.Kf4 Re1 46.Rd6+ Kg7 47.
Rg6+ Kh7 48.Rxa6 Rh1 49.h5 Rf1+ 50.Ke5 Rg1 51.Ra5 b4 52.Ra4 Rxg4 53.a3 Rg5
54.Rxb4 Rxh5 55.a4 Rh1 56.a5 1-0

[Event "17th WCh U20 Girls"]
[Site "Yerevan ARM"]
[Date "1999.09.28"]
[Round "11"]
[White "Budylina, Sofia"]
[Black "Matras, Agnieszka"]
[Result "1-0"]
[WhiteElo "2032"]
[BlackElo "2146"]
[EventDate "1999.09.18"]
[PlyCount "133"]

1.e4 e5 2.Nf3 Nc6 3.Bb5 a6 4.Ba4 Nf6 5.O-O b5 6.Bb3 Bc5 7.a4 Rb8 8.c3 d6 
9.d4 Bb6 10.Na3 Bg4 11.axb5 axb5 12.Nxb5 O-O 13.Ra4 exd4 14.cxd4 Re8 15.
Bg5 h6 16.Bh4 Rxe4 17.Bxf6 Qxf6 18.Bd5 Bxf3 19.Qxf3 Rf4 20.Bxf7+ Qxf7 21.
Qxc6 Rf8 22.f3 Qe7 23.Kh1 Kh8 24.Qc3 Qe2 25.Qc4 Re8 26.Qxe2 Rxe2 27.Rb4 
Rd2 28.Nxd6 Bxd4 29.Ne4 Rd3 30.Nc5 Rd2 31.Nb3 Rd3 32.g3 Rxb3 33.Rxb3 Rf8 
34.Rd1 Bb6 35.Kg2 Re8 36.Rd2 Re1 37.Kh3 Re5 38.f4 Ra5 39.g4 Kh7 40.Kg3 Ra1
41.h4 Bc5 42.g5 Bd6 43.Kg4 Ra4 44.Rf3 hxg5 45.hxg5 Kg6 46.b3 Rb4 47.Rc2 
Re4 48.Rc4 Re1 49.f5+ Kf7 50.Kh5 Re8 51.f6 g6+ 52.Kg4 Re1 53.Ra4 Rg1+ 54.
Kh4 Rh1+ 55.Rh3 Rg1 56.Re4 Kf8 57.Ra4 Kf7 58.Rd4 Bc5 59.Rd7+ Ke6 60.Re7+ 
Kd6 61.Rd3+ Kc6 62.Re6+ Kb7 63.Rf3 Rh1+ 64.Kg3 Rg1+ 65.Kf4 Rh1 66.f7 Rh8 
67.Re8 1-0

[Event "17th WCh U20 Girls"]
[Site "Yerevan ARM"]
[Date "1999.09.28"]
[Round "11"]
[White "Sahakian, Nonna"]
[Black "Gasparian, Marianna"]
[Result "1/2-1/2"]
[WhiteElo "2093"]
[BlackElo "2075"]
[EventDate "1999.09.18"]
[PlyCount "20"]

1.e4 c5 2.c3 d5 3.exd5 Qxd5 4.d4 Nf6 5.Nf3 Bg4 6.Be2 e6 7.Be3 cxd4 8.cxd4 
Be7 9.Nc3 Qa5 10.O-O O-O 1/2-1/2

[Event "17th WCh U20 Girls"]
[Site "Yerevan ARM"]
[Date "1999.09.29"]
[Round "12"]
[White "Vajda, Szidonia"]
[Black "Goletiani, Rusudan"]
[Result "1/2-1/2"]
[WhiteElo "2397"]
[BlackElo "2386"]
[EventDate "1999.09.18"]
[PlyCount "70"]

1.e4 c5 2.Nf3 e6 3.d4 cxd4 4.Nxd4 a6 5.Nc3 Qc7 6.Be2 Nf6 7.O-O Be7 8.f4 d6
9.Kh1 O-O 10.a4 Nc6 11.Be3 Re8 12.Bf3 Bd7 13.Nb3 b6 14.g4 Bc8 15.g5 Nd7 
16.Bg2 Bb7 17.Rf3 Bf8 18.Rh3 g6 19.Qd2 Nb4 20.Rf1 Qc4 21.Qf2 Bg7 22.f5 
exf5 23.exf5 Bxg2+ 24.Qxg2 Nxc2 25.Nd2 Nxe3 26.Rxe3 Qd4 27.fxg6 hxg6 28.
Re4 Rxe4 29.Ndxe4 Re8 30.Rd1 Qe3 31.Nxd6 Re7 32.Nc8 Re8 33.Nd6 Re7 34.Nc8 
Re8 35.Nd6 Re7 1/2-1/2

[Event "17th WCh U20 Girls"]
[Site "Yerevan ARM"]
[Date "1999.09.29"]
[Round "12"]
[White "Cmilyte, Viktorija"]
[Black "Tkeshelashvili, Sopio"]
[Result "1-0"]
[WhiteElo "2354"]
[BlackElo "2284"]
[EventDate "1999.09.18"]
[PlyCount "61"]

1.d4 d5 2.c4 c6 3.Nf3 Nf6 4.Nc3 e6 5.Bg5 h6 6.Bxf6 Qxf6 7.e3 Nd7 8.Bd3 g6 
9.O-O Bg7 10.e4 dxe4 11.Nxe4 Qf4 12.g3 Qc7 13.c5 O-O 14.Bc4 e5 15.d5 cxd5 
16.Bxd5 Kh8 17.Rc1 f5 18.c6 bxc6 19.Rxc6 Qa5 20.Nh4 fxe4 21.Nxg6+ Kh7 22.
Bxe4 Re8 23.Nf8+ Kh8 24.Ng6+ Kh7 25.Ne7+ Kh8 26.Nxc8 Nc5 27.Rxc5 Qxc5 28.
Bxa8 Rxc8 29.Be4 Qb4 30.Bf5 Rf8 31.Qh5 1-0

[Event "17th WCh U20 Girls"]
[Site "Yerevan ARM"]
[Date "1999.09.29"]
[Round "12"]
[White "Kuang Yinghui"]
[Black "Slavina, Irina"]
[Result "1/2-1/2"]
[WhiteElo "2202"]
[BlackElo "2295"]
[EventDate "1999.09.18"]
[PlyCount "82"]

1.e4 d5 2.Nc3 d4 3.Nce2 e5 4.d3 c5 5.g3 Nc6 6.Bg2 Bd6 7.f4 exf4 8.Nxf4 Nf6
9.Nf3 O-O 10.O-O Ng4 11.Nd5 Nce5 12.Bf4 Be6 13.Ng5 Bxd5 14.exd5 Nf6 15.
Bxe5 Bxe5 16.Qf3 h6 17.Rae1 Bc7 18.Nh3 Qd7 19.Nf2 Rad8 20.Ne4 Nxd5 21.Nxc5
Qc6 22.Nb3 Ne3 23.Qxe3 dxe3 24.Bxc6 bxc6 25.d4 a5 26.c3 Rb8 27.Re2 f5 28.
Rxe3 a4 29.Nc5 Rxb2 30.Nxa4 Rxa2 31.Nc5 Ba5 32.Nb3 Rb8 33.Nxa5 Rxa5 34.Re6
Rb6 35.c4 Ra4 36.c5 Rb2 37.Rf2 Rxf2 38.Kxf2 Rxd4 39.Ke3 Rc4 40.Rxc6 Rc2 
41.h4 Rc4 1/2-1/2